الجزيل في دورة التأهيل / (رقم التسجيلة. 125408)
[ عرض عادي ]
| 000 -الفاتح | |
|---|---|
| عناصر البيانات ثابتة الطول | 00992cam a2200229 i 4500 |
| 005 - تاريخ ووقت آخر معاملة | |
| حقل ضبط | 20260402101059.0 |
| 008 - عناصر البيانات ثابتة الطول | |
| عناصر البيانات ثابتة الطول | 250721s2011 jo gr 000 0 ara d |
| 082 14 - رقم تصنيف ديوي العشري | |
| رقم التصنيف | 371.3/ |
| رقم المادة | ه ا ر |
| 100 1# - مدخل رئيسي – اسم شخصي | |
| الاسم الشخصي | هارون، سمية ياسر |
| علاقة الشخص بالعمل/ دوره | مؤلف. |
| 245 12 - بيان العنوان | |
| العنوان | الجزيل في دورة التأهيل / |
| بيان المسؤولية | إعداد وتأليف سمية ياسر هارون ؛ تدقيق ومراجعة الشيخ عبد الرحمن جبريل، الاستاذ محمد حماد مصطفى، الاستاذ حمود أبو كوتة. |
| 250 ## - بيان الطبعة | |
| بيان الطبعة | الطبعة الأولى. |
| 264 31 - بيانات النشر، التوزيع…إلخ | |
| مكان النشر، التوزيع...إلخ | عمان : |
| اسم الناشر، الموزع...إلخ | المؤلف، |
| تاريخ النشر، التوزيع...إلخ | 2011. |
| 300 ## - الوصف المادي | |
| عدد الوحدات المكونة للوعاء | 109صفحة. |
| 650 17 - مدخل إضافي بالموضوع - مصطلح موضوعي | |
| مصطلح موضوعي أو اسم جغرافي كعنصر مدخل | اساليب التدريس. |
| 650 17 - مدخل إضافي بالموضوع - مصطلح موضوعي | |
| مصطلح موضوعي أو اسم جغرافي كعنصر مدخل | طرق التعلم. |
| 650 17 - مدخل إضافي بالموضوع - مصطلح موضوعي | |
| مصطلح موضوعي أو اسم جغرافي كعنصر مدخل | المدرسون. |
| 700 1# - مدخل إضافي - اسم شخصي | |
| الاسم الشخصي | جبريل، عبد الرحمن |
| علاقة الشخص بالعمل/ دوره | مدقق. |
| 700 1# - مدخل إضافي - اسم شخصي | |
| الاسم الشخصي | مصطفى، محمد حماد |
| علاقة الشخص بالعمل/ دوره | مدقق. |
| 700 1# - مدخل إضافي - اسم شخصي | |
| الاسم الشخصي | كوتة، حمود أحمد. |
| علاقة الشخص بالعمل/ دوره | مدقق. |
| 942 ## - بيانات إضافية (كوها) | |
| نوع التنصيف | Dewey Decimal Classification |
| نوع المادة (كوها) | كتب |
| حالة السحب | حالة الفقدان | مصدر التصنيف | حالة التلف | غير قابل للإعارة | المكتبة الرئيسية | المكتبة الحالية | موقع الرف | تاريخ التزويد | رقم المخزون | Total Checkouts | رقم الإستدعاء | الباركود | تاريخ آخر ظهور | تاريخ الفاتورة | نوع المادة (كوها) |
|---|---|---|---|---|---|---|---|---|---|---|---|---|---|---|---|
| Dewey Decimal Classification | المكتبة المركزية | المكتبة المركزية | الإعارة | 28/07/2025 | 1526257 | 371.3 / ه ا ر | PLD00251541 | 28/07/2025 | 28/07/2025 | كتب | |||||
| Dewey Decimal Classification | المكتبة المركزية | المكتبة المركزية | مقتنيات قسم التزويد | 29/05/2012 | 1526259 | 371.3/هار | PLD00251780 | 28/07/2025 | 29/05/2012 | كتب | |||||
| Dewey Decimal Classification | المكتبة المركزية | المكتبة المركزية | مقتنيات قسم التزويد | 28/07/2025 | 1526271 | 371.3/هار | 28/07/2025 | 28/07/2025 | كتب | ||||||
| Dewey Decimal Classification | مكتبة أبو علندا العامة | مكتبة أبو علندا العامة | الإعارة | 29/05/2012 | 1526260 | 371.3/هار | PLD00251781 | 28/07/2025 | 29/05/2012 | كتب | |||||
| Dewey Decimal Classification | مكتبة أم قصير والمقابلين العامة | مكتبة أم قصير والمقابلين العامة | الإعارة | 29/05/2012 | 1526261 | 371.3/هار | PLD00251790 | 28/07/2025 | 29/05/2012 | كتب | |||||
| Dewey Decimal Classification | مكتبة الاميرة بديعة | مكتبة الاميرة بديعة | الإعارة | 29/05/2012 | 1526265 | 371.3/هار | PLD00251787 | 28/07/2025 | 29/05/2012 | كتب | |||||
| Dewey Decimal Classification | مكتبة الحسن العامة | مكتبة الحسن العامة | الإعارة | 29/05/2012 | 1526263 | 371.3/هار | PLD00251789 | 28/07/2025 | 29/05/2012 | كتب | |||||
| Dewey Decimal Classification | مكتبة النصر العامة | مكتبة النصر العامة | الإعارة | 29/05/2012 | 1526266 | 371.3/هار | PLD00251786 | 28/07/2025 | 29/05/2012 | كتب | |||||
| Dewey Decimal Classification | مكتبة حمزة العامة | مكتبة حمزة العامة | الإعارة | 29/05/2012 | 1526267 | 371.3/هار | PLD00251785 | 28/07/2025 | 29/05/2012 | كتب | |||||
| Dewey Decimal Classification | مكتبة صويلح العامة | مكتبة صويلح العامة | الإعارة | 29/05/2012 | 1526262 | 371.3/هار | PLD00251791 | 28/07/2025 | 29/05/2012 | كتب | |||||
| Dewey Decimal Classification | مكتبة وادي السير العامة | مكتبة وادي السير العامة | الإعارة | 29/05/2012 | 1526269 | 371.3/هار | PLD00251783 | 28/07/2025 | 29/05/2012 | كتب |